000 00300nam a22001337a 4500
008 180919b xxu||||| |||| 00| 0 eng d
020 _a9780071627030
041 _aeng
080 _25 ED
_a610
100 _a5
101 _aANE
245 _aClinical Anesthesiology
_cJohn,F,B
942 _2udc
_cBK
999 _c48073
_d48073